All countries from south to north, by northernmost point - Statistics

General Stats
  • This quiz has been taken 884 times
  • The average score is 120 of 196
Answers on the Map
Answers color-coded by a green-red scale on the quiz's map according to % correct below.
 
Answer Stats
Lat Country % Correct
29°13'S N New Zealand
97%
30°05'S U Uruguay
97%
21°48'S A Argentina
94%
28°34'S L Lesotho
94%
22°20'S S South Africa
94%
25°44'S E Eswatini
93%
19°17'S P Paraguay
93%
17°46'S B Botswana
92%
17°19'S C Chile
92%
16°56'S N Namibia
91%
15°37'S Z Zimbabwe
91%
13°07'S V Vanuatu
87%
12°30'S F Fiji
86%
15°36'S T Tonga
86%
13°25'S S Samoa
85%
11°57'S M Madagascar
83%
09°16'S A Australia
82%
11°22'S C Comoros
82%
10°27'S M Mozambique
82%
08°14'S Z Zambia
82%
09°40'S B Bolivia
81%
09°22'S M Malawi
80%
10°25'S M Mauritius
80%
04°24'S A Angola
79%
01°03'S R Rwanda
78%
00°59'S T Tanzania
78%
05°39'S T Tuvalu
78%
02°18'S B Burundi
77%
08°19'S E East Timor
77%
00°52'S P Papua New Guinea
77%
00°30'S N Nauru
76%
00°01'S P Peru
76%
05°13'S S Solomon Islands
76%
01°41'N E Ecuador
75%
03°23'N K Kiribati
74%
03°43'S S Seychelles
74%
05°15'N B Brazil
72%
06°04'N I Indonesia
72%
04°14'N U Uganda
72%
05°22'N D Democratic Republic of the Congo
71%
02°19'N G Gabon
71%
05°35'N K Kenya
71%
03°47'N E Equatorial Guinea
70%
03°43'N R Republic of the Congo
70%
08°24'N G Guyana
69%
07°07'N M Maldives
69%
01°42'N S São Tomé and Principe
69%
06°01'N S Suriname
69%
07°15'N M Malaysia
68%
08°10'N P Palau
68%
01°28'N S Singapore
68%
05°04'N B Brunei
67%
08°33'N L Liberia
67%
09°30'N S Sri Lanka
67%
10°05'N F Federated States of Micronesia
66%
11°01'N C Central African Republic
65%
11°10'N G Ghana
65%
10°44'N I Ivory Coast
65%
09°38'N P Panama
65%
11°08'N T Togo
65%
15º40'N V Venezuela
65%
18°59'N Y Yemen
65%
12°43'N D Djibouti
64%
12°25'N B Benin
63%
15°50'N C Colombia
63%
11º13'N C Costa Rica
63%
12°41'N G Guinea
63%
12°41'N G Guinea Bissau
63%
20°04'N H Haiti
63%
18°31'N J Jamaica
63%
13°50'N N Nigeria
63%
26°30'N O Oman
63%
26°09'N Q Qatar
63%
11°59'N S Somalia
63%
13°05'N C Cameroon
62%
19°55'N D Dominican Republic
62%
09°59'N S Sierra Leone
62%
12°14'N S South Sudan
62%
11º21'N T Trinidad and Tobago
62%
23°22'N V Vietnam
62%
14°26'N E El Salvador
61%
14°53'N E Ethiopia
61%
13°49'N G Gambia
61%
12°31'N G Grenada
61%
17°24′N H Honduras
61%
21°07'N P Philippines
61%
26°05'N U United Arab Emirates
61%
13°20'N B Barbados
60%
15°38'N D Dominica
60%
22°29'N L Laos
60%
15°01'N N Nicaragua
60%
13°22'N S Saint Vincent and the Grenadines
60%
18°29'N B Belize
59%
15°05'N B Burkina Faso
59%
14°30'N C Cambodia
59%
18°00'N E Eritrea
59%
17°49'N G Guatemala
59%
14°07'N S Saint Lucia
59%
20°27'N T Thailand
59%
26°17'N B Bahrain
58%
23°16'N C Cuba
58%
25°00'N M Mali
58%
17°44'N A Antigua and Barbuda
57%
26°38'N B Bangladesh
57%
23°26'N C Chad
57%
33°22'N J Jordan
57%
30°06'N K Kuwait
57%
14°32'N M Marshall Islands
57%
23°31'N N Niger
57%
16°41'N S Senegal
57%
22°12'N S Sudan
57%
26°23'N T Taiwan
57%
17°12'N C Cape Verde
56%
35°40'N I India
56%
28°32'N M Myanmar
56%
30°26'N N Nepal
56%
17°26'N S Saint Kitts and Nevis
56%
27°16'N B Bahamas
55%
28°20'N B Bhutan
55%
31°36'N E Egypt
55%
33°17'N I Israel
55%
33°10'N L Libya
55%
27°19'N M Mauritania
55%
32°43'N M Mexico
55%
32°14'N S Saudi Arabia
55%
34°43'N L Lebanon
54%
39°47'N I Iran
52%
37°23'N I Iraq
52%
35°55'N M Morocco
52%
37°06'N P Pakistan
52%
41°54'N V Vatican City
52%
37°05'N A Algeria
51%
35°42'N C Cyprus
51%
45°31'N J Japan
51%
36°05'N M Malta
51%
42°07'N P Portugal
51%
37°19'N S Syria
51%
42°06'N T Turkey
51%
38°22'N A Afghanistan
50%
41°17'N A Armenia
50%
41°53'N A Azerbaijan
50%
83°06'N C Canada
50%
57°45'N D Denmark
50%
59°48'N E Estonia
50%
70°05'N F Finland
50%
51°05'N F France
50%
41°43'N G Greece
50%
48°35'N H Hungary
50%
67°08'N I Iceland
50%
43°14'N K Kosovo
50%
43°16'N K Kyrgyzstan
50%
58°05'N L Latvia
50%
56°27'N L Lithuania
50%
43°00'N N North Korea
50%
80°49'N N Norway
50%
81°51'N R Russia
50%
38°36'N S South Korea
50%
69°04'N S Sweden
50%
41°02'N T Tajikistan
50%
37°31'N T Tunisia
50%
60°51'N U United Kingdom
50%
71°23'N U United States
50%
42°30'N A Albania
49%
49°01'N A Austria
49%
56°08'N B Belarus
49%
51°30'N B Belgium
49%
55°03'N G Germany
49%
55°26'N I Ireland
49%
47°05'N I Italy
49%
53°32'N N Netherlands
49%
42°21'N N North Macedonia
49%
54°50'N P Poland
49%
48°15'N R Romania
49%
47°48'N S Switzerland
49%
42°50'N T Turkmenistan
49%
52º22'N U Ukraine
49%
45°36'N U Uzbekistan
49%
45°16'N B Bosnia and Herzegovina
48%
44°13'N B Bulgaria
48%
53°34'N C China
48%
51°02'N C Czechia
48%
43°35'N G Georgia
48%
55°43'N K Kazakhstan
48%
47°14'N L Liechtenstein
48%
50°11'N L Luxembourg
48%
48°28'N M Moldova
48%
52º09'N M Mongolia
48%
49°36'N S Slovakia
48%
43º47'N S Spain
48%
42°39'N A Andorra
47%
46°33'N C Croatia
47%
43°32'N M Montenegro
47%
46°11'N S Serbia
47%
46°52'N S Slovenia
47%
43°59'N S San Marino
46%
43°45'N M Monaco
44%
No matching quizzes found
Score Distribution
Percent of People with Each Score
Percentile by Number Answered
Your Score History
You have not taken this quiz